00827 2200253 4500001002100000005001500021035002000036007000300056008004100059020002200100082000800122084001400130100001800144245016000162250001000322260004200332300003600374650002200410700002900432700002200461711001600483520006300499990001100562INLIS00000000000654420210225025952 a0010-0221000308ta210225 g 0 ind  a978-602-249-272-6 a158 a158 SAR c0 aSARGENT, Emma1 aCara Berbicara Kepada Setiap Orang dalam Setiap Situasi /cEmma Sargent, Tim Fearon; pengalih bahasa, Ursula Gyani Buditjahja; penyunting, Agatha Tristanti acet.5 aJakarta :bBhuana Ilmu Populer,c2015 axi, 243 hal. :bilus. ;c23 cm. 4aPSIKOLOGI TERAPAN0 aURSULA, Gyani Buditjahja0 aAGATHA, Tristanti0 aTIM, Fearon aJudul asli : How You Can Talk to Anyone in Every Situation a7850 a